000
00250nam a2200097Ia 4500
008
230915s9999 xx 000 0 und d
050
_a
TR 147 .D 39 1985
100
_a
BEATZLEY, MITCHELL
245
0
_a
DEALING WITH DIFFICULT SITUATIONS
942
_c
BK
999
_c
205571
_d
205571